Llibre d'or de la nova impremta escola
Descripción Física:
25,3 cm
MARC
| LEADER | 00000nam a2200000Ia 4500 | ||
|---|---|---|---|
| 001 | 12866 | ||
| 008 | 160829s1986 xx 000 0 cat d | ||
| 080 | |a R-12-28 | ||
| 245 | |a Llibre d'or de la nova impremta escola | ||
| 260 | |a Barcelona : |b [Diputació de Barcelona], |c 1986 | ||
| 300 | |a 25,3 cm | ||
| 590 | |a Conté les firmes del President de la Diputació, Vice-president de la Impremta Escola, diversos Diputats y funcionaris. | ||
| 590 | |a Enquadernat en pell | ||
| 650 | |a Casa de Caritat (Barcelona). Impremta Escola |x Homenatges |9 24279 | ||
| 710 | |a Casa de Caritat (Barcelona, Catalunya) |9 52406 | ||
| 710 | |a Casa de Caritat (Barcelona, Catalunya) |9 52406 | ||
| 901 | |a Arxiu | ||
| 942 | |n 1 | ||
| 952 | |0 0 |1 0 |4 0 |6 R1228 |7 1 |9 43056 |a Arxiu |b Arxiu |d 2016-12-01 |l 0 |o R-12-28 |p 12866 |r 2016-12-01 00:00:00 |w 2016-12-01 |y ARXIU | ||
| 999 | |c 45600 |d 45600 | ||